Costa Rica, el discurso de la patria : estructuras simbólicas del poder /

Guardat en:
Dades bibliogràfiques
Autor principal: González Ortega, Alfonso
Format: Desconegut
Idioma:Spanish
Publicat: San José, Costa Rica : Editorial de la Universidad de Costa Rica, 1994.
Matèries:
Etiquetes: Afegir etiqueta
Sense etiquetes, Sigues el primer a etiquetar aquest registre!

MARC

LEADER 000000000a22000000004500
001 003275
020 |a 9977672555 
041 0 |a spa 
082 0 4 |a 302   |b G643c 
100 1 |a González Ortega, Alfonso 
245 1 0 |a Costa Rica, el discurso de la patria :   |b estructuras simbólicas del poder /   |c Alfonso González Ortega. 
260 1 |a San José, Costa Rica :   |b Editorial de la Universidad de Costa Rica,   |c 1994. 
300 |a 215 páginas 
650 4 |a PSICOLOGIA SOCIAL 
650 4 |a SOCIALIZACION 
999 |c 9537  |d 9537 
942 |c BK  |h 302 G643c  |2 z